| 000 | 00922pam a2200289 a 4500 | ||
|---|---|---|---|
| 001 | 016040337 | ||
| 003 | OSt | ||
| 005 | 20201128021138.0 | ||
| 008 | 120223t2013 at a frbd 001 0 eng d | ||
| 020 | _a9781111835446 (pbk.) | ||
| 020 | _a1111835446 (pbk.) | ||
| 040 |
_aStDuBDS _beng _cStDuBDS _dUk _dEG-ScBUE |
||
| 082 | 0 | 0 |
_a320 _222 _bMAG |
| 100 | 1 |
_aMagstadt, Thomas M. _936774 |
|
| 245 | 1 | 0 |
_aUnderstanding politics : _bideas, institutions, and issues / _cThomas M. Magstadt. |
| 250 |
_a10th ed., _binternational ed. |
||
| 260 |
_a[Canberra] : _bWadsworth Cengage Learning, _cc.2013. |
||
| 300 |
_axix, 572 p. : _bill. ; _c23 cm. |
||
| 500 | _aPrevious ed. : 2009. | ||
| 500 | _aGlossary : p. 551-564. | ||
| 500 | _aIndex : p. 565-572. | ||
| 504 | _aBibliography : p. 525-549. | ||
| 650 | 0 |
_aPolitical science _91313 |
|
| 653 |
_bBUSBOL _cDecember2014 |
||
| 655 |
_vreading book _934232 |
||
| 942 |
_2ddc _k320 MAG |
||
| 999 |
_c18710 _d18682 |
||